[Event "SWE-chT 0809"]
[Site "Sweden"]
[Date "2008.12.07"]
[Round "5"]
[White "Owen Jansson, Anders"]
[Black "Kinnmark, Ove"]
[Result "0-1"]
[WhiteElo "2128"]
[BlackElo "2256"]
[PlyCount "82"]
[EventDate "2008.10.25"]
[EventType "team-tourn"]
[EventRounds "11"]
[EventCountry "SWE"]
[SourceTitle "EXT 2011"]
[Source "ChessBase"]
[SourceDate "2010.11.26"]
[SourceVersion "1"]
[SourceVersionDate "2010.11.26"]
[SourceQuality "1"]

1. Nf3 Nf6 2. c4 e6 3. Nc3 Bb4 4. Qc2 c5 5. a3 Ba5 6. g3 Nc6 7. Bg2 0-0 8. 0-0 Bc7 9. Rd1 e5 10. e3 d6 11. h3 Bd7 12. d4 Qc8 13. Nd5 Bd8 14. Kh2 cxd4 15. exd4 Nxd5 16. cxd5 Nxd4 17. Nxd4 exd4 18. Qxc8 Rxc8 19. Bf4 Bb6 20. Bxd6 Rfe8 21. Rd2 Ba4 22. Bf4 Red8 23. Re1 Bb3 24. Re5 f6 25. Re7 g5 26. d6 gxf4 27. d7 fxg3+ 28. Kxg3 Rc5 29. Kh4 Re5 30. Rxe5 fxe5 31. Rd3 Be6 32. Rg3+ Kf8 33. Rg5 Bc7 34. Bxb7 Rxd7 35. Kh5 Rg7 36. h4 d3 37. Bf3 Rxg5+ 38. hxg5 Bb3 39. Kh6 Kg8 40. Be4 d2 41. Bxh7+ Kf8 0-1

[Event "Stockholm Salongernas Elo Gr 1"]
[Site "Stockholm"]
[Date "2008.07.14"]
[Round "8"]
[White "Henriksson, Jacob"]
[Black "Owen Jansson, Anders"]
[Result "1/2-1/2"]
[WhiteElo "2241"]
[BlackElo "2281"]
[PlyCount "101"]
[EventDate "2008.07.06"]
[EventType "tourn"]
[EventRounds "9"]
[EventCountry "SWE"]
[SourceTitle "EXT 2024"]
[Source "ChessBase"]
[SourceDate "2023.10.10"]
[SourceVersion "1"]
[SourceVersionDate "2023.10.10"]
[SourceQuality "1"]

1. d4 Nf6 2. c4 g6 3. Nc3 Bg7 4. e4 0-0 5. Nf3 d6 6. Be2 e5 7. dxe5 dxe5 8. 0-0 Qxd1 9. Rxd1 Na6 10. Nxe5 Nxe4 11. Nxg6 hxg6 12. Nxe4 Re8 13. Ng3 Be6 14. Be3 Nb4 15. Bc5 a5 16. a3 Nc6 17. Rd2 Ne5 18. Rc1 Rad8 19. Be3 Rxd2 20. Bxd2 Nc6 21. Bc3 Nd4 22. Bf1 Rd8 23. f3 Bh6 24. Rb1 Be3+ 25. Kh1 a4 26. Rd1 f5 27. Ne2 c5 28. Nxd4 cxd4 29. Bd2 f4 30. g3 g5 31. gxf4 gxf4 32. Bxe3 fxe3 33. Bd3 Kf7 34. h4 Rh8 35. Kh2 Rxh4+ 36. Kg3 Rh3+ 37. Kf4 Rh2 38. Ke4 Rd2 39. Rxd2 exd2 40. Bc2 Bxc4 41. Bxa4 Be2 42. Kxd4 b6 43. Bb3+ Ke7 44. a4 Kd6 45. a5 b5 46. f4 d1Q+ 47. Bxd1 Bxd1 48. f5 Bb3 49. Kc3 Bf7 50. Kb4 Kc6 51. f6 1/2-1/2

[Event "Stockholm Salongernas Elo Gr 1"]
[Site "Stockholm"]
[Date "2008.07.11"]
[Round "5"]
[White "Furhoff, Johan"]
[Black "Owen Jansson, Anders"]
[Result "1-0"]
[WhiteElo "2388"]
[BlackElo "2189"]
[PlyCount "55"]
[EventDate "2008.07.06"]
[EventType "tourn"]
[EventRounds "9"]
[EventCountry "SWE"]
[SourceTitle "EXT 2024"]
[Source "ChessBase"]
[SourceDate "2023.10.10"]
[SourceVersion "1"]
[SourceVersionDate "2023.10.10"]
[SourceQuality "1"]

1. e4 c5 2. Nc3 Nc6 3. f4 g6 4. Nf3 Bg7 5. Be2 d6 6. d3 Rb8 7. 0-0 b5 8. a3 Nf6 9. Qe1 Nd4 10. Bd1 Nxf3+ 11. Bxf3 0-0 12. Qh4 a5 13. g4 b4 14. axb4 cxb4 15. Nd1 Bd7 16. f5 Qc7 17. Ne3 a4 18. g5 a3 19. e5 dxe5 20. gxf6 Bxf6 21. Qe4 gxf5 22. Nxf5 Qxc2 23. Rf2 Qc5 24. Be3 axb2 25. Rxb2 Qc8 26. Nxe7+ Bxe7 27. Rg2+ Kh8 28. Qxe5+ 1-0

[Event "Stockholm Salongernas Elo Gr 1"]
[Site "Stockholm"]
[Date "2008.07.09"]
[Round "3"]
[White "Eriksson, Jorgen"]
[Black "Owen Jansson, Anders"]
[Result "1-0"]
[WhiteElo "2234"]
[BlackElo "2189"]
[PlyCount "47"]
[EventDate "2008.07.06"]
[EventType "tourn"]
[EventRounds "9"]
[EventCountry "SWE"]
[SourceTitle "EXT 2024"]
[Source "ChessBase"]
[SourceDate "2023.10.10"]
[SourceVersion "1"]
[SourceVersionDate "2023.10.10"]
[SourceQuality "1"]

1. d4 d6 2. c4 e5 3. Nf3 e4 4. Nfd2 f5 5. g3 Nf6 6. Bg2 Be7 7. Nc3 0-0 8. f3 Nc6 9. d5 Ne5 10. Qc2 exf3 11. exf3 f4 12. Nde4 Nxe4 13. Nxe4 fxg3 14. f4 Ng4 15. hxg3 Bf5 16. Bf3 Nf6 17. Bd2 Qe8 18. 0-0-0 b5 19. Rde1 bxc4 20. Qxc4 Qg6 21. Ng5 Rfe8 22. Re3 Nd7 23. Bh5 Qh6 24. Bf7+ 1-0

[Event "Stockholm Salongernas Elo Gr 1"]
[Site "Stockholm"]
[Date "2008.07.07"]
[Round "1"]
[White "Sjoberg, Mats"]
[Black "Owen Jansson, Anders"]
[Result "1/2-1/2"]
[WhiteElo "2343"]
[BlackElo "2189"]
[PlyCount "50"]
[EventDate "2008.07.06"]
[EventType "tourn"]
[EventRounds "9"]
[EventCountry "SWE"]
[SourceTitle "EXT 2024"]
[Source "ChessBase"]
[SourceDate "2023.10.10"]
[SourceVersion "1"]
[SourceVersionDate "2023.10.10"]
[SourceQuality "1"]

1. Nf3 d6 2. d4 g6 3. e4 Nf6 4. Nc3 Bg7 5. Be2 0-0 6. Be3 Bg4 7. Qd2 Nc6 8. d5 Nb8 9. Bh6 Nbd7 10. Bxg7 Kxg7 11. Nd4 Bxe2 12. Qxe2 Nc5 13. 0-0 Qd7 14. f4 Rae8 15. Rae1 e6 16. dxe6 Nxe6 17. Qc4 c6 18. Nxe6+ Qxe6 19. Qd4 c5 20. Qd3 Rd8 21. Nd5 Nxd5 22. exd5 Qf6 23. c3 Rfe8 24. Re4 Qf5 25. Rfe1 Rxe4 1/2-1/2